América en la encrucijada (Registro nro. 53372)

Detalles MARC
000 -ENCABEZADO
Número de control [NR] 01025nam a2200277Ia 4500
005 - FECHA Y HORA DE LA ÚLTIMA TRANSACCIÓN
control field 20211111074826.0
008 - DE LONGITUD FIJA DE DATOS DE ELEMENTOS - INFORMACIÓN GENERAL
Elementos de longitud fija [NR] 130821s2007 sp gr spa
020 ## - NUMERO INTERNACIONAL NORMALIZADO PARA LIBROS [R]
Número Internacional Normalizado del libro [NR] 8466629430
040 ## - FUENTE DE CATALOGACION [NR]
Agencia de catalogación original [NR] Co-BoUCM
Idioma de catalogación [NR] spa
041 00 - CODIGO DE IDIOMA [R]
Código de idioma para texto/pista de sonido o título separado [R] Español
100 1# - ASIENTO PRINCIPAL--NOMBRE PERSONAL [NR]
Nombre personal [NR] Fukuyama, Francis
Fechas asociadas con el nombre [NR] 1952-
ID Autoridad 55753
245 10 - MENCION DE TITULO [NR]
Título [NR] América en la encrucijada
Mención de responsabilidad, etc. [NR] Francis Fukuyama ; traducción de Gabriel Dols Gallardo
260 ## - PUBLICACION, DISTRIBUCION, ETC. (PIE DE IMPRENTA) [R]
Lugar de publicación, distribución, etc. [R] Barcelona (España)
Nombre del editor, distribuidor, etc. [R] Ediciones B
Fecha de publicación, distribución, etc. [R] 2007
300 ## - DESCRIPCION FISICA [R]
Extensión [R] 238 páginas
504 ## - NOTA DE BIBLIOGRAFIA, ETC. [R]
Nota de bibliografía, etc. [NR]
650 04 - ASIENTO SECUNDARIO DE MATERIA - TERMINO TEMATICO [R]
Término temático o nombre geográfico como elemento de entrada [NR] Conservadurismo
Subdivisión geográfica [R] Estados Unidos
9 (RLIN) 11676
650 04 - ASIENTO SECUNDARIO DE MATERIA - TERMINO TEMATICO [R]
Término temático o nombre geográfico como elemento de entrada [NR] Guerra de Irak, 2003
9 (RLIN) 16597
650 04 - ASIENTO SECUNDARIO DE MATERIA - TERMINO TEMATICO [R]
Término temático o nombre geográfico como elemento de entrada [NR] Relaciones internacionales
9 (RLIN) 8042
651 ## - ASIENTO SECUNDARIO DE MATERIA - NOMBRE GEOGRAFICO [R]
Nombre geográfico [NR] Estados Unidos
Geographic name following place entry element [OBSOLETE] Relaciones internacionales
Subdivisión cronológica [R] 2003
9 (RLIN) 7595
651 ## - ASIENTO SECUNDARIO DE MATERIA - NOMBRE GEOGRAFICO [R]
Nombre geográfico [NR] Estados Unidos
Subdivisión general [R] Política militar
Subdivisión cronológica [R] 2003
9 (RLIN) 7595
651 ## - ASIENTO SECUNDARIO DE MATERIA - NOMBRE GEOGRAFICO [R]
Nombre geográfico [NR] Estados Unidos
Subdivisión general [R] Política y gobierno
Subdivisión cronológica [R] 2003
9 (RLIN) 7595
700 1# - ASIENTO SECUNDARIO - NOMBRE PERSONAL [R]
Nombre personal [NR] Dols Gallardo, Gabriel
Término de relación [R]
9 (RLIN) 163636
765 ## - ASIENTO DE IDIOMA ORIGINAL [R]
Asiento principal [NR] America at the crossroads
942 ## - ELEMENTOS DE ENTRADA AGREGADOS (KOHA)
Tipo de ítem principal el descrito en 300a Libro
Sistema de clasificación DEWEY
Tema principal Ciencia política
Edición 1
Clasificación 327.73
Parte restante de la signatura top. F961a
Existencias
Fecha de último préstamo Total préstamos Total Renewals Signatura topográfica Código de barras Última vez visto Ejemplar Price effective from Tipo de ítem Perdido Sistema de clasificación Dañado No prestable Tipo de ítem específico Suprimido Ubicación habitual Ubicación actual Localización Fecha de creación Forma de adquisición Costo
21/10/2017 23 3 327.73 F961a 100086717 06/06/2024 Ej.1 03/02/2013 Libro   DEWEY     Libro   Bodega Bodega 3er piso 30/09/2007 Compra 35000.00